000 00491nam a2200181Ia 4500
008 240925s9999 xx 000 0 und d
020 _a393962849
082 _a338.5024MAN
100 _aMansfield, Edwin
245 0 _aManagerial economics: theory applications, and cases
250 _a2nd
260 _aNew York:
_bW. W. Norton & Compony
_c,1993.
300 _a283p.
_b0
_fOriginal
500 _aIncludes Index
600 _aSocial Sciences
650 _aSocial Sciences
942 _cBK
999 _c17609
_d17609